000 00492cam a22001697a 4500
001 002440
003 armpunfd
005 20140612090708.0
008 110906e0####xx#a##########000#0#und#d
040 _aarmpunfd
_carmpunfd
080 _a343.5 (82) M 666
245 1 0 _aMinoridad en la argentina: instituciones juridicas, relevamiento normativo y politicas sociales
260 _a Buenos Aires: 1993. 151 P.
650 7 _a Minoridad
_2LEMB
942 _cLB
_2cdu
945 _aCatalis
_d2010-08-19
999 _c2430
_d232934